000 00480nam a22001937a 4500
003 CEME
005 20210628203551.0
008 210115b xxu||||| |||| 00| 0 eng d
020 _a9788131524947
040 _c.
082 _a658.4092 DUB
100 _aDubrin, Andrew J
_966292
245 _aPrinciples of leadership
250 _a7TH
260 _aINDIA
_bCENGAGE LEARNING
_c2014
300 _aXXXII, 534P
650 _aPRINCIPLES OF LEADERSHIP
_966293
942 _cBK
_2ddc
999 _c574276
_d574276